Roman Trier and the Treveri /

Bibliographic Details
Main Author: Wightman, Edith Mary
Format: Book
Language:English
Published: New York : Praeger, 1971
Subjects:

MARC

Tag First Indicator Second Indicator Subfields
LEADER 00000cam a2200000 4500
001 in00000019304
005 20151007054229.0
008 710331c19711970nyuabe b 00100 eng
010 |a  79107217  
035 |a (OCoLC)00129865 
035 |9 AAB4399AM 
040 |a DLC  |c DLC  |d m/c  |d TXA  |d UtOrBLW 
043 |a e-gx--- 
049 |a TXAM  |c [A11072821] 
050 0 0 |a DD901.T85  |b W47 1971 
082 0 |a 913.3/64 
100 1 |a Wightman, Edith Mary. 
245 1 0 |a Roman Trier and the Treveri /  |c Edith Mary Wightman. 
264 1 |a New York :  |b Praeger,  |c 1971 
264 4 |c ©1970 
300 |a 320 pages, 24 unnumbered pages of plates :  |b illustrations, maps, plans ;  |c 27 cm. 
336 |a text  |b txt  |2 rdacontent 
337 |a unmediated  |b n  |2 rdamedia 
338 |a volume  |b nc  |2 rdacarrier 
504 |a Bibliography: pages 257-302. 
651 0 |a Trier (Germany)  |x Antiquities, Roman. 
999 |a MARS 
999 f f |s 3b105330-14a5-34d1-8fb5-378adcdd6c02  |i 3d27747f-6248-3ddc-8000-70564c3402a6  |t 0 
952 f f |p normal  |a Texas A&M University  |b College Station  |c Sterling C. Evans Library  |d Evans: Library Stacks  |t 0  |e DD901.T85 W47 1971  |h Library of Congress classification  |i unmediated -- volume  |m A14811072821 
998 f f |a DD901.T85 W47 1971  |t 0  |l Evans: Library Stacks